Statistics for Houston Astros Trivia

Click here to take the quiz!

General Stats

  • This quiz has been taken 1,159 times
    (264 since last reset)
  • The average score is 11 of 17

Answer Stats

QuestionAnswer% Correct
2019 Cy Young winner who the team acquired from DetroitJustin Verlander
92%
Diminutive second baseman who led the AL in batting in 2014, 2016, and 2017José Altuve
91%
Artificial surface, first used in 1966, which is named for the AstrosAstroTurf
87%
The Astros stadium from 1965–1999The Astrodome
87%
Team who the Astros defeated in the 2022 World SeriesPhiladelphia Phillies
82%
Current name of the Astros stadiumMinute Maid Park
81%
The only Astro to record 3,000 hitsCraig Biggio
77%
How the Astros told the batter which pitch was coming after using a
camera to steal signs
Banging on a
{trash} {can}
76%
Forty year old Astro who led the Major Leagues in ERA and strikeouts in 1987 –
but still finished with a dismal record of 8-16
Nolan Ryan
75%
Unanimous MVP selection in 1994 who hit an incredible .368 with
39 home runs in a strike-shortened season
Jeff Bagwell
71%
Cy Young winner in 2015 whose first name is a different city in TexasDallas Keuchel
62%
Original name of the Astros from 1962–1964Houston Colt .45s
59%
Defunct energy company who bought the naming rights to the Astros
new stadium in 2000
Enron
52%
Knuckleballer who won 144 games for the Astros, more than any other pitcherJoe Niekro
44%
Fireballer who recorded a team record 225 saves between 1995–2003Billy Wagner
40%
Player whose nicknames included "Big Puma" and "Fat Elvis"Lance Berkman
38%
Pitcher who won a fluke Cy Young award in 1986, striking out over 300 batters
(he later admitted to scuffing the ball)
Mike Scott
31%

Score Distribution

Percentile by Number Answered

Percent of People with Each Score

Your Score History

You have not taken this quiz since the last reset